[Event "YUG-chT2"]
[Site "Tivat"]
[Date "1995.??.??"]
[Round "4"]
[White "Simic, Dragisa"]
[Black "Sparic, Nebojsa"]
[Result "0-1"]
[WhiteElo "2135"]
[BlackElo "2220"]
[PlyCount "108"]
[EventDate "1995.??.??"]
[EventType "team"]
[EventRounds "11"]
[EventCountry "YUG"]
[SourceTitle "EXT 2002"]
[Source "ChessBase"]
[SourceDate "2001.11.25"]
[SourceVersion "1"]
[SourceVersionDate "2001.11.25"]
[SourceQuality "1"]

1. e4 e6 2. d4 d5 3. e5 c5 4. c3 Nc6 5. Nf3 Bd7 6. Be2 Qc7 7. 0-0 f6 8. Re1 0-0-0 9. Na3 fxe5 10. Nxe5 Nxe5 11. dxe5 Qxe5 12. Bf3 Qf5 13. c4 Nf6 14. Qb3 h5 15. cxd5 exd5 16. Nc4 Ne4 17. Ne3 c4 18. Qc2 Qf7 19. Nxd5 Bc6 20. Nc3 Nxc3 21. Bxc6 bxc6 22. bxc3 Bc5 23. Be3 Bxe3 24. Rxe3 Rhf8 25. Rb1 Rd3 26. Qb2 Qc7 27. Qa3 Qf4 28. Qa6+ Kd8 29. Rxd3+ cxd3 30. Qxd3+ Kc7 31. f3 Qf5 32. Rd1 Qxd3 33. Rxd3 Rb8 34. Rd2 Rb1+ 35. Kf2 Rc1 36. Kg3 Rxc3 37. Kh4 Rc5 38. f4 Rf5 39. Rd4 c5 40. Ra4 Kb6 41. h3 a5 42. g4 hxg4 43. hxg4 Rf7 44. f5 Rc7 45. Rc4 Kb5 46. Rc2 c4 47. Kg3 c3 48. Kf3 Kc4 49. Ke2 Rd7 50. Ke1 Rb7 51. Kd1 Rb1+ 52. Rc1 Rb2 53. g5 Kd3 54. Ke1 c2 0-1

[Event "YUG-chT2"]
[Site "Tivat"]
[Date "1995.??.??"]
[Round "11"]
[White "Sparic, Nebojsa"]
[Black "Vukanovic, Sasa"]
[Result "1/2-1/2"]
[WhiteElo "2220"]
[BlackElo "2365"]
[PlyCount "72"]
[EventDate "1995.??.??"]
[EventType "team"]
[EventRounds "11"]
[EventCountry "YUG"]
[SourceTitle "EXT 2002"]
[Source "ChessBase"]
[SourceDate "2001.11.25"]
[SourceVersion "1"]
[SourceVersionDate "2001.11.25"]
[SourceQuality "1"]

1. e4 e5 2. Nf3 Nf6 3. Nc3 Bb4 4. Nxe5 0-0 5. Be2 Re8 6. Nf3 Nxe4 7. Nxe4 Rxe4 8. c3 Bf8 9. d3 Re8 10. 0-0 h6 11. d4 d5 12. Bf4 Bf5 13. Bd3 Bxd3 14. Qxd3 Bd6 15. Bg3 Nc6 16. Rae1 Bxg3 17. hxg3 Qd7 18. Qb5 Ne5 19. Qxb7 Nxf3+ 20. gxf3 Reb8 21. Qa6 Rxb2 22. Qa3 Rd2 23. Re7 Qc6 24. Qa5 Qc4 25. Qxc7 Qxc7 26. Rxc7 Rxa2 27. Re1 Rb8 28. Ree7 Rbb2 29. Rxf7 Rxf2 30. Rxg7+ Kf8 31. Rgf7+ Ke8 32. Rce7+ Kd8 33. Rb7 Kc8 34. Rfc7+ Kd8 35. Rh7 Kc8 36. Rbc7+ Kd8 1/2-1/2

[Event "YUG-chT2"]
[Site "Tivat"]
[Date "1995.??.??"]
[Round "9"]
[White "Sparic, Nebojsa"]
[Black "Zafirovski, Mite"]
[Result "1/2-1/2"]
[WhiteElo "2220"]
[BlackElo "2345"]
[PlyCount "68"]
[EventDate "1995.??.??"]
[EventType "team"]
[EventRounds "11"]
[EventCountry "YUG"]
[SourceTitle "EXT 2002"]
[Source "ChessBase"]
[SourceDate "2001.11.25"]
[SourceVersion "1"]
[SourceVersionDate "2001.11.25"]
[SourceQuality "1"]

1. e4 c5 2. Nf3 Nc6 3. d4 cxd4 4. Nxd4 Qc7 5. Nc3 e6 6. g3 a6 7. Bg2 Nf6 8. 0-0 Bc5 9. Be3 Ne5 10. Qe2 Nfg4 11. Rad1 Nxe3 12. Qxe3 d6 13. Qg5 0-0 14. Nce2 Bd7 15. h3 Rac8 16. b3 Nc6 17. c3 Qd8 18. Qd2 Nxd4 19. Nxd4 a5 20. c4 Qb6 21. Nc2 Bc6 22. Qc3 Qc7 23. Nd4 Rfd8 24. Nxc6 bxc6 25. Qf3 e5 26. Rd3 Qd7 27. Kh2 Rf8 28. g4 a4 29. Qg3 axb3 30. axb3 Qe7 31. f4 exf4 32. Qxf4 Ra8 33. Kh1 Qe5 34. Qxe5 dxe5 1/2-1/2

[Event "YUG-chT"]
[Site "Igalo"]
[Date "1994.??.??"]
[Round "6"]
[White "Miladinovic, Igor"]
[Black "Sparic, Nebojsa"]
[Result "1-0"]
[WhiteElo "2480"]
[BlackElo "2280"]
[PlyCount "109"]
[EventDate "1994.??.??"]
[EventType "team"]
[EventRounds "9"]
[EventCountry "YUG"]
[SourceTitle "EXT 2000"]
[Source "ChessBase"]
[SourceDate "1999.11.16"]
[SourceVersion "1"]
[SourceVersionDate "1999.11.16"]
[SourceQuality "1"]

1. d4 d6 2. e4 e5 3. dxe5 dxe5 4. Qxd8+ Kxd8 5. Bc4 Ke8 6. Nc3 Bb4 7. Nge2 Nf6 8. a3 Ba5 9. f3 Be6 10. Bxe6 fxe6 11. b4 Bb6 12. Na4 Nbd7 13. Bb2 Be3 14. Rd1 a6 15. Rd3 Ba7 16. c4 Ke7 17. c5 b5 18. Nac3 g5 19. Kd2 c6 20. Kc2 Rag8 21. Rd6 Rc8 22. Rd3 Bb8 23. Nd1 h5 24. Ne3 Rcf8 25. Rhd1 Rh7 26. Bc3 Bc7 27. a4 Rg8 28. Ra1 Nb8 29. Be1 Rf7 30. Rda3 Rd8 31. h3 Ke8 32. Bg3 g4 33. hxg4 hxg4 34. Nxg4 Nxg4 35. fxg4 Rfd7 36. Be1 Rg7 37. Rg3 a5 38. axb5 cxb5 39. bxa5 Na6 40. Bf2 Rgd7 41. Be3 Nb4+ 42. Kb3 Nc6 43. a6 Ba5 44. Bg5 Rd1 45. Rxd1 Rxd1 46. Nc1 Rd4 47. Nd3 Bc7 48. Bd2 Ra4 49. g5 Rxa6 50. Nb4 Nd4+ 51. Kb2 Ra4 52. g6 Kf8 53. Bh6+ Kg8 54. Nc2 Nc6 55. Rf3 1-0

[Event "YUG-chT"]
[Site "Igalo"]
[Date "1994.??.??"]
[Round "4"]
[White "Sparic, Nebojsa"]
[Black "Marcetic, Nikola"]
[Result "1/2-1/2"]
[WhiteElo "2280"]
[BlackElo "2305"]
[PlyCount "38"]
[EventDate "1994.??.??"]
[EventType "team"]
[EventRounds "9"]
[EventCountry "YUG"]
[SourceTitle "EXT 1999"]
[Source "ChessBase"]
[SourceDate "1998.11.16"]
[SourceVersion "1"]
[SourceVersionDate "1998.11.16"]
[SourceQuality "1"]

1. e4 c5 2. Nf3 d6 3. d4 cxd4 4. Nxd4 Nf6 5. Nc3 g6 6. Be3 Bg7 7. f3 0-0 8. Qd2 Nc6 9. 0-0-0 Nxd4 10. Bxd4 Be6 11. Kb1 Qc7 12. g4 Rfc8 13. h4 Qa5 14. a3 Rab8 15. Nd5 Qxd2 16. Nxf6+ Bxf6 17. Rxd2 Bxd4 18. Rxd4 Rc5 19. Be2 Rbc8 1/2-1/2

[Event "YUG-ch U20"]
[Site "Arandjelovac"]
[Date "1993.08.14"]
[Round "9"]
[White "Savicevic, Vlatko"]
[Black "Sparic, Nebojsa"]
[Result "1/2-1/2"]
[WhiteElo "2295"]
[BlackElo "2245"]
[PlyCount "52"]
[EventDate "1993.08.05"]
[EventType "tourn"]
[EventRounds "13"]
[EventCountry "YUG"]
[EventCategory "1"]
[SourceTitle "EXT 2014"]
[Source "ChessBase"]
[SourceDate "2013.11.20"]
[SourceVersion "1"]
[SourceVersionDate "2013.11.20"]
[SourceQuality "1"]

1. e4 e6 2. d4 d5 3. Nd2 Nf6 4. e5 Nfd7 5. Bd3 c5 6. c3 Nc6 7. Ne2 cxd4 8. cxd4 f6 9. exf6 Nxf6 10. 0-0 Bd6 11. Nf3 Qc7 12. Bg5 0-0 13. Bh4 Nh5 14. Qc2 h6 15. Bg6 Nf4 16. Nxf4 Rxf4 17. Bg3 Rf6 18. Rfe1 Bd7 19. Rad1 Rc8 20. Qb1 Bxg3 21. hxg3 Qb6 22. Re3 Be8 23. Bxe8 Rxe8 24. b4 a6 25. a3 g5 26. Qd3 Kg7 1/2-1/2

[Event "YUG-chT"]
[Site "Cetinje"]
[Date "1993.??.??"]
[Round "3"]
[White "Stojanovic, Mihajlo"]
[Black "Sparic, Nebojsa"]
[Result "0-1"]
[WhiteElo "2325"]
[BlackElo "2210"]
[PlyCount "64"]
[EventDate "1993.??.??"]
[EventType "team"]
[EventRounds "11"]
[EventCountry "YUG"]
[SourceTitle "EXT 2002"]
[Source "ChessBase"]
[SourceDate "2001.11.25"]
[SourceVersion "1"]
[SourceVersionDate "2001.11.25"]
[SourceQuality "1"]

1. d4 f5 2. Bf4 Nf6 3. e3 g6 4. Nf3 Bg7 5. Bc4 d5 6. Be2 0-0 7. h4 Nh5 8. Be5 Nd7 9. Bxg7 Kxg7 10. Ng5 Ndf6 11. Qd3 Qd6 12. Nd2 b6 13. c4 h6 14. Nh3 Bb7 15. Bf3 e5 16. dxe5 Qxe5 17. 0-0 Rad8 18. cxd5 Bxd5 19. Bxd5 Rxd5 20. Qc2 Rfd8 21. Nf3 Qd6 22. b4 Rd7 23. Qa4 a5 24. b5 Ne4 25. Rac1 Qb4 26. Qxb4 axb4 27. Rc4 Rxb5 28. Nd4 Ra5 29. Rxc7 Rxc7 30. Ne6+ Kf7 31. Nxc7 Nc3 32. f3 Ra7 0-1

[Event "YUG-chT"]
[Site "Cetinje"]
[Date "1992.??.??"]
[Round "?"]
[White "Sparic, Nebojsa"]
[Black "Popov, Sinisa S"]
[Result "0-1"]
[WhiteElo "2245"]
[BlackElo "2305"]
[PlyCount "80"]
[EventDate "1992.??.??"]
[EventType "team"]
[EventRounds "11"]
[EventCountry "YUG"]
[SourceTitle "EXT 1997"]
[Source "ChessBase"]
[SourceDate "1996.11.15"]
[SourceVersion "1"]
[SourceVersionDate "1996.11.15"]
[SourceQuality "1"]

1. e4 e5 2. Nf3 Nc6 3. Nc3 Nf6 4. d4 exd4 5. Nxd4 Bb4 6. Nxc6 bxc6 7. Bd3 d5 8. exd5 cxd5 9. 0-0 0-0 10. Bg5 c6 11. Ne2 Bg4 12. c3 Be7 13. Qa4 Bxe2 14. Bxe2 Qb6 15. b3 Rfe8 16. Bf3 Nd7 17. Be3 Qc7 18. g3 Bc5 19. Bxc5 Nxc5 20. Qd4 Ne6 21. Qa4 Rad8 22. Rad1 Ng5 23. Bg2 Ne4 24. Bxe4 Rxe4 25. Qa6 Rde8 26. Qd3 h5 27. Qf3 Qe5 28. c4 d4 29. b4 Re6 30. Qd3 Rd6 31. c5 Rd7 32. Qa6 Qe6 33. b5 cxb5 34. Qxb5 h4 35. c6 Rc7 36. f3 Re2 37. Qb8+ Rc8 38. Qf4 Qh3 39. Rf2 Rxf2 40. Kxf2 Qxh2+ 0-1